The record of a Quaker conscience: Cyrus Pringle's diary /

Bibliographic Details
Main Author: Pringle, Cyrus G. (Cyrus Guernsey), 1838-1911
Other Authors: Jones, Rufus M. (Rufus Matthew), 1863-1948
Format: eBook
Language:English
Published: New York : The Macmillan company, 1918.
Series:American Civil War, letters and diaries.
Subjects:
Online Access:Connect to the full text of this electronic book

MARC

Tag First Indicator Second Indicator Subfields
LEADER 00000cam a22000001i 4500
001 in00002501113
005 20190327173702.0
006 m | d |
007 cr |n ---||a|a
008 720927s1918 nyu s 000 0aeng d
035 |9 (DLC) 18004717 
035 |a (OCoLC)418089 
035 |a (VaAlASP)ASPS00001643/cwld 
040 |a DLC  |c OKentU  |d OCoLC  |d DLC  |d VaAlASP  |d UtOrBLW 
050 0 0 |a BX7748.W2  |b P8 
100 1 |a Pringle, Cyrus G.  |q (Cyrus Guernsey),  |d 1838-1911. 
245 1 4 |a The record of a Quaker conscience: Cyrus Pringle's diary /  |c with an introduction by Rufus M. Jones. 
264 1 |a New York :  |b The Macmillan company,  |c 1918. 
300 |a 93 pages ;  |c 18 cm. 
336 |a text  |b txt  |2 rdacontent 
337 |a computer  |b c  |2 rdamedia 
338 |a online resource  |b cr  |2 rdacarrier 
533 |a Electronic reproduction.  |b Alexandria, VA :  |c Alexander Street Press,  |d 2001.  |f (The American civil war: letters and diaries).  |n Available via World Wide Web. 
500 |a Electronic resource. 
600 1 0 |a Pringle, Cyrus G.  |q (Cyrus Guernsey),  |d 1838-1911  |v Diaries. 
650 0 |a Draft. 
650 0 |a Society of Friends. 
700 1 |a Jones, Rufus M.  |q (Rufus Matthew),  |d 1863-1948. 
776 1 |c Original  |w (DLC) 18004717 
830 0 |a American Civil War, letters and diaries. 
856 4 0 |z Connect to the full text of this electronic book  |u http://proxy.library.tamu.edu/login?url=http://www.aspresolver.com/aspresolver.asp?CWLD;S1643  |t 0 
999 |a MARS 
999 f f |s 25649e61-6908-354c-8079-29cea224fe83  |i a9de382a-7834-3576-8ad0-4ab81ea81c46  |t 0 
952 f f |a Texas A&M University  |b College Station  |c Electronic Resources  |d Available Online  |t 0  |e BX7748.W2 P8  |h Library of Congress classification 
998 f f |a BX7748.W2 P8  |t 0  |l Available Online